Strategic Management / Concepts and Cases (Record no. 3329)
[ view plain ]
| 000 -LEADER | |
|---|---|
| fixed length control field | 01867cam a22002174a 4500 |
| 005 - ΗΜΕΡΟΜΗΝΙΑ ΚΑΙ ΩΡΑ ΤΕΛΕΥΤΑΙΑΣ ΕΝΗΜΕΡΩΣΗΣ | |
| Πεδίο ελέγχου | 20250605164112.0 |
| 008 - FIXED-LENGTH DATA ELEMENTS--GENERAL INFORMATION | |
| Πεδίο ελέγχου σταθερού μήκους | 250528s ||||||||||||||||||||||||d |
| 035 ## - SYSTEM CONTROL NUMBER | |
| System control number | 17931 |
| 020 ## - ISBN | |
| ISBN | 130807850 |
| 040 ## - ΠΗΓΗ ΚΑΤΑΛΟΓΟΓΡΑΦΗΣΗΣ | |
| Φορέας πρωτότυπης καταλογογράφησης | MC Athens Campus Library |
| Γλώσσα καταλογογράφησης | Ελληνικά, Μοντέρνα (1453-) |
| Modifying agency | MC Athens Campus Library |
| Κανόνες περιγραφικής καταλογογράφησης | AACR2 |
| 245 1# - ΤΙΤΛΟΣ ΚΑΙ ΔΗΛΩΣΗ ΥΠΕΥΘΥΝΟΤΗΤΑΣ | |
| Τίτλος | Strategic Management / Concepts and Cases |
| 250 ## - EDITION STATEMENT | |
| Edition statement | 7th |
| 260 ## - PUBLICATION, DISTRIBUTION, ETC. | |
| Name of publisher, distributor, etc. | Prentice Hall, |
| Date of publication, distribution, etc. | 1999 |
| 300 ## - PHYSICAL DESCRIPTION | |
| Extent | 528 |
| 505 0# - FORMATTED CONTENTS NOTE | |
| Formatted contents note | Preface, Introduction: How to Analyze a Business Policy Case, Instructions for Using the Strategy Formulator Software, Overview of Strategic Management, The Nature of Strategic Management, Strategies in Action, Strategy Formulation, The Business Mission, The External Assessmernt, The Internal Assessment, Strategy Analysis and Choice, Strategy Implementation, Implementing Strategies: Management Issues, Implementing Strategies: Marketing and Finance/ Accounting and R&D AND CIS, Strategy Evaluation, Strategy Review and Evaluation and Control, Global Issues in Strategic Management, International Strategic Management, Service Companies, Name and Subject and Company Index, Cases. |
| 520 ## - SUMMARY, ETC. | |
| Summary, etc. | Preface, Introduction: How to Analyze a Business Policy Case, Instructions for Using the Strategy Formulator Software, Overview of Strategic Management, The Nature of Strategic Management, Strategies in Action, Strategy Formulation, The Business Mission, The External Assessmernt, The Internal Assessment, Strategy Analysis and Choice, Strategy Implementation, Implementing Strategies: Management Issues, Implementing Strategies: Marketing and Finance/ Accounting and R&D AND CIS, Strategy Evaluation, Strategy Review and Evaluation and Control, Global Issues in Strategic Management, International Strategic Management, Service Companies, Name and Subject and Company Index, Cases. |
| 700 1# - ΠΡΟΣΘΕΤΗ ΑΝΑΓΡΑΦΗ--ΦΥΣΙΚΟ ΠΡΟΣΩΠΟ | |
| Personal name | David Fred R |
| 9 (RLIN) | 4230 |
| 942 ## - ADDED ENTRY ELEMENTS (KOHA) | |
| Koha item type | Books |
| Τύπος τεκμηρίου | Βιβλιοθήκη | Τρέχουσα τοποθεσία | Barcode | Αριθμός εισαγωγής | Ημερομηνία απόκτησης | Ταξιθετικό σύμβολο | Αριθμός αντιτύπου | Κατάσταση απόσυρσης | Κατάσταση χαμένου | Κατάσταση κατεστραμμένου | Μη δανεισμός | Σύνολο δανεισμών | Ημερομηνία τελευταίας εμφάνισης | Η τιμή ισχύει από |
|---|---|---|---|---|---|---|---|---|---|---|---|---|---|---|
| Books | MC Athens Campus Library | MC Athens Campus Library | 9780000033284 | 1702 | 05/06/2025 | 658.4/012 DAV | 1 | 05/06/2025 | 05/06/2025 |